=LDR 00000nam 2200000 4500 =001 INLIS000000000006800 =005 20251114110734 =035 ##$$a 0010-1125000674 =007 ta =008 251114###########################0#eng## =082 ##$$a 306.89 =084 ##$$a 306.89 JON m =100 #$$a Jones W Gavin =245 1#$$a Modernization and Divorce /$c Badan Koordinasi Keluarga Berencana Nasional =260 ##$:$b Badan Koordinasi Keluarga Berencana Nasional =300 ##$$a 20 Hal : $b Ilus ; $c 21 =650 #4$$a Keluarga Berencana =856 ##$$a Perpustakaan Kemendukbangga